000 00870nam a2200277 i 4500
001 000010137
003 DO-SdBNP
005 20250303134742.0
007 ta
008 091005s1986 dr r 000 p spa d
040 _aDO-SdBNP
_bspa
_cBNPHU
_erda
082 4 _aRD861.44
_bC843p
100 1 _aCotes Morales, Juan Demóstenes
_924868
_4aut.
_eautor
245 1 0 _aPuerto Rico en la mano del mundo /
_cJ. D. Costes Morales.
264 _aSanto Domingo :
_bBiblioteca Nacional,
_c1986.
300 _a55 páginas ;
_c21 cm.
336 _atexto
_btxt
_2rdacontent
337 _asin mediación
_bn
_2rdamedia
338 _avolumen
_bnc
_2rdacarrier
490 0 _aColección Orfeo
590 _aInventariado, 2018/BT
650 0 _aPoesía dominicana
_966
650 0 _aLiteratura dominicana.
_967
910 _aValidado. Control de calidad. MMOLINA
942 _2ddc
_cLBS1
999 _c9896
_d9896